| 000 | 00654cam a2200181 4500 | ||
|---|---|---|---|
| 001 | WB3538-06 | ||
| 008 | 000000n1999 000 0 eng u | ||
| 035 | _a(Sirsi) u102800 | ||
| 245 | _aTender prices. | ||
| 260 | _c1999 | ||
| 490 |
_aConstruction News _v(6635) 30 September 1999, 4(1) |
||
| 520 | _aA forecast from Gardiner & Theobald suggests that tender price increases are likely to stay at 3% per annum until 2002. Includes a map showing predicted tender price increases until 2001, region by region. | ||
| 650 | _aTENDER PRICES | ||
| 650 |
_aContracts _96232 |
||
| 650 | _aCONSTRUCTION PROJECTS | ||
| 690 | _aBUILT ENVIRONMENT | ||
| 942 | _n0 | ||
| 999 |
_c61775 _d61775 |
||